Central Library OPAC University of Rajshahi

The coil of life : (Record no. 72448)

MARC details
000 -LEADER
fixed length control field 00827nam a2200241 a 4500
001 - CONTROL NUMBER
control field 72448
003 - CONTROL NUMBER IDENTIFIER
rucl marc code UkOxU
005 - DATE AND TIME OF LATEST TRANSACTION
control field 20211209082248.0
008 - FIXED-LENGTH DATA ELEMENTS--GENERAL INFORMATION
fixed length control field 830413s1961 enkaf b 001 0 eng d
035 ## - SYSTEM CONTROL NUMBER
System control number OCLC ocm09404048 from D971006M
040 ## - CATALOGING SOURCE
Original cataloging agency GZQ
Transcribing agency GZQ
Modifying agency UKM
-- EQO
Language of cataloging eng
041 ## - LANGUAGE CODE
Language code of text/sound track or separate title eng
082 04 - DEWEY DECIMAL CLASSIFICATION NUMBER
Classification number 570
Edition number 23
Author mark and year MOC 1961
090 ## - LOCALLY ASSIGNED LC-TYPE CALL NUMBER (OCLC); LOCAL CALL NUMBER (OCLC)
Classification number (OCLC) (R) ; Classification number, CALL (RLIN) (NR) QH305
Local cutter number (OCLC) ; Book number/undivided call number, CALL (RLIN) .M6 1961
100 1# - MAIN ENTRY--PERSONAL NAME
Personal name Moore, Ruth
Dates associated with a name 1908-1989.
9 (RLIN) 218991
245 14 - TITLE STATEMENT
Title The coil of life :
Remainder of title the story of the great discoveries in the life sciences /
Statement of responsibility, etc. by Ruth Moore ; drawings by Patricia M. Jackson.
260 ## - PUBLICATION, DISTRIBUTION, ETC. (IMPRINT)
Place of publication, distribution, etc. London :
Name of publisher, distributor, etc. Constable,
Date of publication, distribution, etc. c1961.
300 ## - PHYSICAL DESCRIPTION
Pagination xv, 418, viii p., [8] p. of plates :
Illustrations ill. ;
Size 22 cm.
504 ## - BIBLIOGRAPHY, ETC. NOTE
Bibliography, etc Includes bibliographical references and index.
650 #0 - SUBJECT ADDED ENTRY--TOPICAL TERM
Topical term or geographic name as entry element Biology
General subdivision History.
9 (RLIN) 218992
700 1# - ADDED ENTRY--PERSONAL NAME
Personal name Jackson, Patricia M.
942 ## - ADDED ENTRY ELEMENTS (KOHA)
Source of classification or shelving scheme Dewey Decimal Classification
Koha item type Books
Holdings
Lost status Source of classification or shelving scheme Damaged status Not for loan Collection code Permanent Location Current Location Shelving location Date acquired Source of acquisition Cost, normal purchase price Total Checkouts Full call number Date last seen Copy number Koha item type
  Dewey Decimal Classification   Not For Loan Non-fiction Central Library, University of Rajshahi Central Library, University of Rajshahi Reading Room 15/10/1973 Euro Bangladesh news Agency 55.00   570 MOC 1961 18/05/2017 C-1 Books